Communal rage in secular India / (Record no. 124853)

MARC details
000 -LEADER
fixed length control field 00784nam a22002537a 4500
003 - CONTROL NUMBER IDENTIFIER
control field 0
005 - DATE AND TIME OF LATEST TRANSACTION
control field 20180808155806.0
008 - FIXED-LENGTH DATA ELEMENTS--GENERAL INFORMATION
fixed length control field 0
010 ## - LIBRARY OF CONGRESS CONTROL NUMBER
LC control number B-065066
020 ## - INTERNATIONAL STANDARD BOOK NUMBER
Terms of availability 350.00
International Standard Book Number 8179910709
035 ## - SYSTEM CONTROL NUMBER
System control number B-065066, B-091570, B-091572
037 ## - SOURCE OF ACQUISITION
Source of stock number/acquisition Cen Lib/Ret
040 ## - CATALOGING SOURCE
Original cataloging agency DPL
Language of cataloging EN
Transcribing agency 0
082 ## - DEWEY DECIMAL CLASSIFICATION NUMBER
Classification number 302.14
Item number ZAK
100 ## - MAIN ENTRY--PERSONAL NAME
Personal name Zakaria, Rafiq
9 (RLIN) 74180
245 ## - TITLE STATEMENT
Title Communal rage in secular India /
Statement of responsibility, etc by Rafiq Zakaria
260 ## - PUBLICATION, DISTRIBUTION, ETC. (IMPRINT)
Place of publication, distribution, etc Mumbai
Name of publisher, distributor, etc Popular Prakashan
Date of publication, distribution, etc 2002
270 ## - ADDRESS
City Mumbai
Address 35-C, Pt. Madan Malviya Marg, Tardo
Postal code 400013
300 ## - PHYSICAL DESCRIPTION
Extent xxvi,248p.
Dimensions 21cm(Hb)
500 ## - GENERAL NOTE
General note Includes bibliographical references and index
650 ## - SUBJECT ADDED ENTRY--TOPICAL TERM
Topical term or geographic name as entry element Communalism -- India -- Gujarat
9 (RLIN) 12153
650 ## - SUBJECT ADDED ENTRY--TOPICAL TERM
Topical term or geographic name as entry element Riots -- India -- Gujarat
9 (RLIN) 12154
942 ## - ADDED ENTRY ELEMENTS (KOHA)
Source of classification or shelving scheme Dewey Decimal Classification
Koha item type English Books
Classification part 302.14
Call number suffix ZAK
Holdings
Withdrawn status Lost status Damaged status Not for loan Home library Current library Date acquired Source of acquisition Cost, normal purchase price Total Checkouts Full call number Barcode Date last seen Copy number Cost, replacement price Price effective from Koha item type Source of classification or shelving scheme Public note Collection code
        Central Library Central Library 18/06/2015 Cen Lib/Ret 350.00   302.14 ZAK B-065066 18/06/2015 1 350.00 18/06/2015 English Books      
Written off       Central Library Central Library 01/11/2016   350.00   302.14 ZAK B-091568 01/11/2016 2 350.00 01/11/2016 English Books Dewey Decimal Classification W/d List No. 6845/25 : dtd 9/7/20  
        Patel Nagar Patel Nagar 26/07/2018 BPPD/PUB 350.00   302.14 ZAK B-091570 26/07/2018   350.00 26/07/2018 English Books Dewey Decimal Classification   Non-fiction
        Shahdara Branch Shahdara Branch 08/08/2018 BPPD/PUB 350.00   302.14 ZAK B-091572 08/08/2018   350.00 08/08/2018 English Books Dewey Decimal Classification   Non-fiction
        Yojana Vihar Yojana Vihar 22/10/2019 BPPD/PUB 350.00   302.14 ZAK B-091573 22/10/2019   350.00 22/10/2019 English Books Dewey Decimal Classification   Non-fiction

© Delhi Public Library
Hit Counter
free hit counter